Central Library OPAC University of Rajshahi

The first and second parts of King Edward IV : (Record no. 22965)

MARC details
000 -LEADER
fixed length control field 01096nam a2200289 a 4500
001 - CONTROL NUMBER
control field 22965
003 - CONTROL NUMBER IDENTIFIER
rucl marc code BD-RjUL
005 - DATE AND TIME OF LATEST TRANSACTION
control field 20211209000857.0
008 - FIXED-LENGTH DATA ELEMENTS--GENERAL INFORMATION
fixed length control field 140309t19661842enk 000 1 eng d
029 ## - (OCLC)
OCLC library identifier 1842
035 ## - SYSTEM CONTROL NUMBER
System control number (BD-RjUL)23030
System control number (OCoLC)2324149
040 ## - CATALOGING SOURCE
Original cataloging agency DLC
Transcribing agency TJC
Modifying agency m.c
-- BD-RjUL
Language of cataloging eng
041 ## - LANGUAGE CODE
Language code of text/sound track or separate title eng
082 04 - DEWEY DECIMAL CLASSIFICATION NUMBER
Classification number 822.33
Author mark and year HEF 1966
100 1# - MAIN ENTRY--PERSONAL NAME
Personal name Heywood, Thomas,
Dates associated with a name approximately 1574-1641.
9 (RLIN) 70804
245 14 - TITLE STATEMENT
Title The first and second parts of King Edward IV :
Remainder of title histories /
Statement of responsibility, etc. by Thomas Heywood ; Reprinted from the unique black letter first edition of 1600 ... and with those of 1619 and 1626 ; with an Introduction and Notes by Barron Field.
260 ## - PUBLICATION, DISTRIBUTION, ETC. (IMPRINT)
Place of publication, distribution, etc. London :
Name of publisher, distributor, etc. Printed for the Shakespeare society,
Date of publication, distribution, etc. 1842 [1966].
300 ## - PHYSICAL DESCRIPTION
Pagination Various pages
Size 24 cm.
490 1# - SERIES STATEMENT
Series statement Publications / Shakespeare Society ;
Volume/sequential designation 21
600 00 - SUBJECT ADDED ENTRY--PERSONAL NAME
Personal name Edward
Titles and other words associated with a name King of England,
Dates associated with a name 1442-1483
General subdivision Drama.
700 1# - ADDED ENTRY--PERSONAL NAME
Personal name Field, Barron,
Dates associated with a name 1786-1846.
830 #0 - SERIES ADDED ENTRY--UNIFORM TITLE
Volume number/sequential designation no.21
830 #0 - SERIES ADDED ENTRY--UNIFORM TITLE
Uniform title Publications (Shakespeare Society) ;
942 ## - ADDED ENTRY ELEMENTS (KOHA)
Source of classification or shelving scheme Dewey Decimal Classification
Koha item type Books
Holdings
Lost status Source of classification or shelving scheme Damaged status Not for loan Collection code Permanent Location Current Location Shelving location Date acquired Source of acquisition Cost, normal purchase price Total Checkouts Full call number Date last seen Copy number Koha item type
  Dewey Decimal Classification   Added to bundle Fiction Central Library, University of Rajshahi Central Library, University of Rajshahi Reading Room 05/11/1968 Zeitlinger. 237.60   822.33 HEF 1966 09/03/2014 C-1 Books